Diccionario de Sinónimos y Antónimos. (Registro nro. 1030)

Detalles MARC
000 -LEADER
fixed length control field 00868nam a2200217 a 4500
005 - FECHA ULTIMA MODIFICACION
control field 20240305120251.0
008 - CAMPO DE CONTROL (LIBRO)
fixed length control field 100326s2011||||sp ||||g |||| 00| 0 spa d
020 ## - INTERNATIONAL STANDARD BOOK NUMBER
ISBN 9788467035735
041 ## - CODIGO DE IDIOMA
Código de idioma del texto/pista de sonido o título separado spa
092 ## - SIGNATURA TOPOGRAFICA DEWEY LOCAL
número de clasificación 403
libristica 16
sección DIC
110 1# - ENTRADA PRINCIPAL-AUTOR CORPORATIVO
Nombre de la institución, jurisdicción como entrada principal Espasa Libros
9 (RLIN) 1706
245 ## - TITULO PROPIAMENTE DICHO
Título Diccionario de Sinónimos y Antónimos.
Subtítulo y Título paralelo Más de 30000 entradas y más de 200000 sinónimos y antónimos. Americanismos, localismos, locuciones y extranjerismos /
Mención de responsabilidad y remanente de la transcripción de la portada Espasa Libros
250 ## - MENCION DE EDICION
Mención de edición 1a ed.
260 ## - PIE DE IMPRENTA
Lugar de publicación, distribución, etc Madrid:
Nombre de la editorial, distribuidor, etc Espasa;
Fecha de publicación 2011.
300 ## - DESCRIPCION FISICA
Extension 1225 p.
500 ## - NOTA GENERAL
Nota general Espasa Libros. (2011). Diccionario de Sinónimos y Antónimos. Más de 30000 entradas y más de 200000 sinónimos y antónimos. Americanismos, localismos, locuciones y extranjerismos. (1a ed.). Madrid : Espasa.
590 ## - NOTAS LOCALES (RLIN)
Nota local Compra FACIMED 2011
653 ## - TÉRMINO INDIZADO - PALABRAS CLAVES
Palabra clave Diccionario
930 ## - NUMERO DE INVENTARIO
Número de inventario 2429
942 ## - ADDED ENTRY ELEMENTS (KOHA)
Source of classification or shelving scheme Dewey Decimal Classification
Item type Libros
Existencias
Estado de retiro Existencia Fuente de clasificación Estado general No para prestamo Ubicación permanente ubicación actual Sala de ubicación Fecha de adquisición Total Checkouts Número de clasificación Código de barras Date last seen Número de ejemplar Price effective from Koha tipo de elemento (item)
    Dewey Decimal Classification     Biblioteca Medicina Biblioteca Medicina Referencia 08/05/2012   403 16 DIC 2429 06/11/2014 ej.2 08/05/2012 Libros

UNIVERSIDAD NACIONAL DEL COMAHUE
Biblioteca de la Facultad de Ciencias Médicas
Sede Toschi: Los Arrayanes y Av. Toschi, Cipolletti  - Rio Negro
Sede Los Tordos:  Yrigoyen al 2211, Cipolletti - Rio Negro 

Teléfono: 0299 - 4774707 int 25
Contacto: biblioteca@facimed.uncoma.edu.ar
© 2011 - 2026